| 000 | 005070000a22001930004500 | ||
|---|---|---|---|
| 001 | 003144 | ||
| 003 | MACL | ||
| 005 | 20150712133611.0 | ||
| 008 | 150712b xxu||||| |||| 00| 0 eng d | ||
| 040 |
_aMACL _cMACL |
||
| 041 | _aEnglish | ||
| 082 | _a320.404/RAO | ||
| 100 |
_aRao, Bathula Venkateswara _91898 |
||
| 245 |
_aCrisis In Indian Judiciary _cBathula Venkateswara Rao |
||
| 260 |
_aHyderabad _c2001 _bLegal Aid Centre, |
||
| 350 | _a200 | ||
| 650 |
_aPolitical Science _988 |
||
| 942 |
_k320 _cBK _2ddc |
||
| 999 |
_c15050 _d15050 |
||